Т. 24 : Иркутская область. Период 1956-1960. Кн. 1. Вып 2 : Обзорные главы и рукописные работы; Геологическая изученность СССР

Bibliografiske detaljer
Parent link:Геологическая изученность СССР: [обзорные главы, рефераты, аннотации и библиографические справки]/ Академия Наук СССР, Комиссия по геологической изученности СССР. Т. 24 : Иркутская область. Период 1956-1960. Кн. 1. Вып 2 : Обзорные главы и рукописные работы.— , 1961-1988
Institution som forfatter: Академия наук СССР (АН СССР) Сибирское отделение (СО) Институт земной коры (ИЗК)
Andre forfattere: Логачев Н. А.
Sprog:russisk
Udgivet: Иркутск, Восточно-Сибирское кн. изд-во, 1966
Fag:
Format: MixedMaterials Bog
KOHA link:https://koha.lib.tpu.ru/cgi-bin/koha/opac-detail.pl?biblionumber=270757

MARC

LEADER 00000nam2a2200000 4500
001 270757
005 20231101234356.0
035 |a (RuTPU)RU\TPU\book\293938 
035 |a RU\TPU\book\229634 
090 |a 270757 
100 |a 20141001d1966 k y0rusy50 ca 
101 0 |a rus 
102 |a RU 
105 |a y ad 001zy 
200 0 |a Т. 24 : Иркутская область. Период 1956-1960. Кн. 1. Вып 2 : Обзорные главы и рукописные работы  |f Академия наук СССР (АН СССР), Сибирское отделение (СО), Институт земной коры (ИЗК) ; отв. ред. Н. А. Логачев 
210 |a Иркутск  |c Восточно-Сибирское кн. изд-во  |d 1966 
215 |a 498 с. 
320 |a Сокращения: с.234-240. 
320 |a Рефераты: с. 240-498. 
461 1 |0 (RuTPU)RU\TPU\book\58444  |t Геологическая изученность СССР  |o [обзорные главы, рефераты, аннотации и библиографические справки]  |f Академия Наук СССР, Комиссия по геологической изученности СССР  |v Т. 24 : Иркутская область. Период 1956-1960. Кн. 1. Вып 2 : Обзорные главы и рукописные работы  |d 1961-1988 
606 1 |a Геологическая изученность  |y СССР  |2 stltpush  |3 (RuTPU)RU\TPU\subj\6035  |9 34000 
610 1 |a геология 
610 1 |a геологическая изученность 
610 1 |a СССР 
610 1 |a геологические исследования 
610 1 |a геологическое районирование 
610 1 |a опубликованные источники 
610 1 |a рефераты 
610 1 |a библиографические пособия 
610 1 |a Иркутская область 
610 1 |a полезные ископаемые 
610 1 |a геологическая съемка 
675 |a 55(47+57)  |v 3 
675 |a 55(571.55)  |v 3 
702 1 |a Логачев  |b Н. А.  |4 651 
712 0 2 |a Академия наук СССР (АН СССР)  |b Сибирское отделение (СО)  |b Институт земной коры (ИЗК)  |c (Иркутск)  |c (1957-1962)  |2 stltpush  |3 (RuTPU)RU\TPU\col\11543 
801 1 |a RU  |b 63413507  |c 20120221 
801 2 |a RU  |b 63413507  |c 20221209  |g RCR 
942 |c BK